Finančné operácie v medzinárodnom podnikaní

Uložené v:
Podrobná bibliografia
Hlavný autor: Torma, Štefan
Korporativný autor: Ekonomická univerzita v Bratislave. Obchodná fakulta
Ďalší autori: Babišová, Martina, Kuruc, Radko, Strieborný, Martin
Médium: Kniha
Jazyk:Slovak
Vydavateľské údaje: Bratislava Vydavateľstvo Ekonóm 2002
Predmet:
Tagy: Pridať tag
Žiadne tagy, Buďte prvý, kto otaguje tento záznam!

MARC

LEADER 00000nam a2200000 4500
001 c133339
005 20221124092031.8
020 |a 80-225-1538-8 
041 0 |a slo 
044 |a SK 
245 1 0 |a Finančné operácie v medzinárodnom podnikaní  |c Štefan Torma a kolektív 
264 1 |a Bratislava  |b Vydavateľstvo Ekonóm  |c 2002 
300 |a 267 s. 
610 2 0 |a investovanie 
610 2 0 |a trh finančný 
610 2 0 |a podnikanie medzinárodné 
610 2 0 |a trh devízový 
610 2 0 |a zdroje finančné 
610 2 0 |a deriváty 
610 2 0 |a burzy 
610 2 0 |a burzy opčné 
610 2 0 |a systémy informačné 
610 2 0 |a elektronizácia 
610 2 0 |a obchod zahraničný 
610 2 0 |a úver 
610 2 0 |a riziko kurzové 
610 2 0 |a stabilita meny 
100 1 |a Torma, Štefan 
700 1 |a Babišová, Martina 
700 1 |a Kuruc, Radko 
700 1 |a Strieborný, Martin 
710 2 |a Ekonomická univerzita v Bratislave. Obchodná fakulta